书目信息 |
| 题名: |
会计电算化教程
|
|
| 作者: | 毛华扬 , 李帅 编著 | |
| 分册: | ||
| 出版信息: | 北京 电子工业出版社 2006.01 |
|
| 页数: | 216页 | |
| 开本: | 26cm | |
| 丛书名: | ||
| 单 册: | ||
| 中图分类: | F232 | |
| 科图分类: | ||
| 主题词: | 会计电算化--kuai ji dian suan hua--教材 | |
| 电子资源: | ||
| ISBN: | 7-121-02158-7 | |
| 000 | 00883nam0 2200241 450 | |
| 001 | 012006833327 | |
| 005 | 20060919102947.21 | |
| 010 | @a7-121-02158-7@dCNY26.00 | |
| 100 | @a20060619d2006 km y0chiy0120 ea | |
| 101 | 0 | @achi |
| 102 | @aCN@b110000 | |
| 105 | @aa a 000yy | |
| 200 | 1 | @a会计电算化教程@Akuai ji dian suan hua jiao cheng@f毛华扬, 李帅编著@Fmao hua yang,li shuai bian zhu |
| 210 | @a北京@c电子工业出版社@d2006.01 | |
| 215 | @a216页@c图@d26cm | |
| 320 | @a有书目 | |
| 330 | @a本书内容包括会计电算化基本原理、会计电算化的组织、会计电算化的实施、会计软件与ERP的关系、会计电算化后的管理,以及财务软件中总账、报表、固定资产、工资等模块的基本应用等。 | |
| 606 | 0 | @a会计电算化@Akuai ji dian suan hua@j教材 |
| 690 | @aF232@v4 | |
| 701 | 0 | @a毛华扬@Amao hua yang@4编著 |
| 701 | 0 | @a李帅@Ali shuai@4编著 |
| 801 | 0 | @aCN@bQSSK@c20060919 |
| 905 | @a10447@dF232@eM346 | |
| 会计电算化教程/毛华扬, 李帅编著.-北京:电子工业出版社,2006.01 |
| 216页:图;26cm |
| ISBN 7-121-02158-7:CNY26.00 |
| 本书内容包括会计电算化基本原理、会计电算化的组织、会计电算化的实施、会计软件与ERP的关系、会计电算化后的管理,以及财务软件中总账、报表、固定资产、工资等模块的基本应用等。 |
| ● |
| 相关链接 |
|
|
|
正题名:会计电算化教程
索取号:F232/M346
 
预约/预借
| 序号 | 登录号 | 条形码 | 馆藏地/架位号 | 状态 | 备注 |
| 1 | 589714 | 205897145 | 社科库409/409社科库 76排2列5层/ [索取号:F232/M346] | 在馆 | |
| 2 | 589715 | 205897154 | 社科二线422/422社科库 25排3列1层/ [索取号:F232/M346] | 在馆 | |
| 3 | 589716 | 205897163 | 社科二线422/422社科库 25排2列1层/ [索取号:F232/M346] | 在馆 |